000 00411nam a2200181Ia 4500
001 23789
005 20260414151001.0
008 260414t2005||||xx |||||||||||||| ||spa||
041 _aESP
082 _a709.04075
_bM26
100 _aMarzona, Daniel
_eAUT
245 0 _aArte conceptual
_b
260 _c2005
300 _a95 páginas :
_ccm.
650 _aABD
654 _aCAU
942 _cLIB
_dJUS
_fJUS
_2ddc
_n
999 _c23789
_d23789